Library Logo

Some account of the Oxford university press, 1468-1921 / (Record no. 135383)

000 -LEADER
fixed length control field 00592cam a2200193u 4500
001 - CONTROL NUMBER
control field 8257807
003 - CONTROL NUMBER IDENTIFIER
control field BD-DhUL
005 - DATE AND TIME OF LATEST TRANSACTION
control field 20161214160713.0
008 - FIXED-LENGTH DATA ELEMENTS--GENERAL INFORMATION
fixed length control field 830613s1922 enkacfh 000 0 eng
010 ## - LIBRARY OF CONGRESS CONTROL NUMBER
LC control number 22020657
040 ## - CATALOGING SOURCE
Original cataloging agency DLC
Transcribing agency CarP
Modifying agency DLC
-- BD-DhUL
082 ## - DEWEY DECIMAL CLASSIFICATION NUMBER
Classification number 655.14257
Item number OXS
110 2# - MAIN ENTRY--CORPORATE NAME
Corporate name or jurisdiction name as entry element Oxford University Press.
245 00 - TITLE STATEMENT
Title Some account of the Oxford university press, 1468-1921 /
Statement of responsibility, etc. Oxford University Press.
260 ## - PUBLICATION, DISTRIBUTION, ETC. (IMPRINT)
Place of publication, distribution, etc. Oxford :
Name of publisher, distributor, etc. At the Clarendon,
Date of publication, distribution, etc. 1922.
300 ## - PHYSICAL DESCRIPTION
Extent 111 p. :
Other physical details ill. ;
Dimensions 24 cm.
906 ## - LOCAL DATA ELEMENT F, LDF (RLIN)
a 0
b cbc
c premunv
d u
e ncip
f 19
g y-gencatlg
942 ## - ADDED ENTRY ELEMENTS (KOHA)
Source of classification or shelving scheme
Koha item type Books
Holdings
Price effective from Date last seen Permanent Location Not for loan Date acquired Source of classification or shelving scheme Koha item type Lost status Withdrawn status Source of acquisition Collection code Damaged status Shelving location Barcode Current Location Full call number
2016-12-142016-12-14Dhaka University Library 2016-12-14 Books  PurchasedNon Fiction General StacksP131Dhaka University Library655.14257 OXS
Last Updated on September 15, 2019
© Dhaka University Library. All Rights Reserved|Staff Login